000 01236nam a2200325 i 4500
005 20220317002043.0
007 ta
008 201119s2020 ck a j 00| 0dspa d
020 _a9789585592254
040 _aCO-BoRNBP
_bspa
_erda
_cCO-BoRNBP
041 0 _aspa
082 0 4 _a796.345
_bM67b
_222
100 1 _aMoreno Salcedo, Andrés David
_eautor
245 1 0 _aBadminton
_bmanual de iniciación
_cAndrés David Moreno Salcedo, Jairo Alberto Flórez Villamizar
250 _aPrimera edición
264 1 _aArmenia
_bEditorial Kinesis
_c2020
300 _a135 páginas
_bilustraciones
_c24 cm
336 _2rdacontent
_atexto
_btxt
337 _2rdamedia
_asin mediación
_bn
338 _2rdacarrier
_avolumen
_bnc
504 _aIncluye bibliografía al final del texto
521 _aRecomendado para un público mayor de 15 años
545 _aIncluye datos biográficos de los autores al inicio del texto
650 1 7 _2LEMB
_aBádminton
_xEnseñanza
_vManuales
650 1 7 _aJuegos de raqueta
_xEnseñanza
_vManuales
_2LEMB
650 1 7 _2LEMB
_aJuegos de raqueta
_xEstrategias y técnicas
_vManuales
650 1 7 _2LEMB
_aEducación física
_vManuales
700 1 _aFlórez Villamizar, Jairo Alberto
_eautor
_9163534
942 _2ddc
_cBK
999 _c9025
_d9025